书目信息 |
| 书名: | The Art of the deal in china | |
| 作者: | Laurence J. Brahm | |
| 分册号: | ||
| 分册名: | 出版地: | U.S.A. |
|
| 出版社: | Tuttle publishing | |
| 出版时间: | 2007 | |
| 页数: | 160P | |
| 开本: | 21CM | |
| 丛书名: | ||
| 中图分类号: | ||
| 科图分类号: | ||
| 其他分类号: | F722 | |
| 主题词: | ||
| 电子资源: | ||
| 000 | 00420nam0 2200157 450 | |
| 001 | 202012195004 | |
| 005 | 20121125085628.0 | |
| 008 | 20010101s | |
| 020 | @a978-0-80483-902-0@c$20.00 | |
| 099 | @dF722@eL379 | |
| 245 | 10 | @aThe Art of the deal in china @cLaurence J. Brahm |
| 260 | 0 | @aU.S.A.@bTuttle publishing@c2007 |
| 300 | @a160P@c21CM | |
| 905 | @b12151 | |
| 905 | @b12185 | |
| 905 | @aTSG@dF722@eL379 | |
| The Art of the deal in china / Laurence J. Brahm.-U.S.A. : Tuttle publishing , 2007 |
| 160P ; 21CM |
| ISBN 978-0-80483-902-0$20.00 |
| ● |
| 相关链接 |
|
|
|
正题名:The Art of the deal in china
索取号:F722/L379
 
预约/预借
| 序号 | 登录号 | 条形码 | 馆藏地/架位号 | 状态 | 备注 |
| 1 | 12151 | 300121516 | 社科库409/409社科库 118排2列3层/ [索取号:F722/L379] | 在馆 | |
| 2 | 12185 | 300121856 | 社科库409/409社科库 118排2列3层/ [索取号:F722/L379] | 在馆 |